Teoretické a pragmatické základy psycholingvistiky /

Hlavní autor: Stranovská, Eva
Jazyk: Slovenština
Vydáno: Brno : MSD, 2012
Vydání: 1. vyd.
Témata:
Fyzický popis: 123 s. : il. ; 21 cm
Knihy
Uloženo v:
LEADER 01346nam a2200385 a 4500
001 nkc20122388675
003 CZ PrNK
005 20121009082954.0
007 ta
008 120727s2012 xr a e p 000 0 slo
015 |a cnb002388675 
020 |a 978-80-7392-195-8  |q (brož.) 
035 |a (OCoLC)817048063 
040 |a OLA001  |b cze  |d ABA001 
072 7 |a 81  |x Lingvistika. Jazyky  |2 Konspekt  |9 11 
072 7 |a 37.016  |x Učební osnovy. Vyučovací předměty. Učebnice  |2 Konspekt  |9 22 
080 |a 81'23  |2 MRF 
080 |a (075.8)  |2 MRF 
100 1 |a Stranovská, Eva  |7 ola2012678918  |4 aut 
245 1 0 |a Teoretické a pragmatické základy psycholingvistiky /  |c Eva Stranovská 
250 |a 1. vyd. 
260 |a Brno :  |b MSD,  |c 2012 
300 |a 123 s. :  |b il. ;  |c 21 cm 
500 |a 40 výt. 
504 |a Obsahuje bibliografie 
650 0 7 |a psycholingvistika  |7 ph124802  |2 czenas 
650 0 9 |a psycholinguistics  |2 eczenas 
655 7 |a učebnice vysokých škol  |7 fd133772  |2 czenas 
655 9 |a textbooks (higher)  |2 eczenas 
910 2 |a BOA001  |b 2-1286.668 
990 |a BK 
995 |a 01 
991 |b 201209  |c NOV  |e n 
996 6 |b 2610521101  |c 2-1286.668  |l MZK  |r Sklad / do 1 hodiny  |n 0  |p p.v.  |w 001277224  |u 000010  |a 1  |e BOA001  |j MZK50  |s P 
996 7 |b 2610521102  |c 2-1286.668  |l MZK  |r Sklad / do 1 hodiny  |n 10  |p p.v.  |w 001277224  |u 000020  |a 1  |e BOA001  |j MZK50  |s A